|
|
|
|
| LEADER |
00667 a2200181 4500 |
| 999 |
|
|
|c 140075
|d 140075
|
| 020 |
|
|
|a 9789387145726
|
| 082 |
|
|
|a H3
|b VAN/K
|
| 100 |
|
|
|a Vandana Yadav
|
| 245 |
|
|
|a Kitne morche/
|c by Vandana Yadav
|
| 260 |
|
|
|b Newdelhi:
|a Ananya Prakashan,
|c 2018.
|
| 300 |
|
|
|a 368p.
|
| 650 |
|
|
|a Novel Hindi
|
| 650 |
|
|
|a Literature Hindi
|
| 650 |
|
|
|a Literature
|
| 942 |
|
|
|c BK
|
| 952 |
|
|
|0 0
|1 0
|4 0
|6 H_3_000000000000000_VAN_K
|7 0
|9 96749
|a SSUS
|b SSUS
|c STACKS
|d 2019-02-07
|g 750.00
|o H3 VAN/K
|p 093349
|r 2019-02-07
|w 2019-02-07
|y BK
|
| 952 |
|
|
|0 0
|1 0
|4 0
|6 H_3_000000000000000_VAN_K
|7 0
|9 103602
|a SSUS
|b SSUS
|c STACKS
|d 2020-09-25
|g 750.00
|o H3 VAN/K
|p 100567
|r 2020-09-25
|w 2020-09-25
|y BK
|